000 00513nam a2200181Ia 4500
001 15818
005 20260306170224.0
008 260306t2006||||xx |||||||||||||| ||und||
041 _aESP
082 _a620.11
_bC17E
100 _aCaloz, Christophe
_eAUT
245 0 _aElectromagnetic metamaterials:
_btransmission line theory and microwave applications: the engineering approach
260 _c2006
300 _axviii, 352 páginas :
_c23 cm.
650 _aGEN
654 _aCII
942 _cLIB
_dJUS
_fJUS
_2ddc
_n
999 _c15818
_d15818